000 00540nam a22002057a 4500
003 OSt
005 20140310182834.0
008 130605t xxu||||| |||| 00| 0 eng d
020 _a9710834363
050 _aQH 308
_b.M574 1985
082 _aM 574
_bOt8 1985
245 _aModern biology /
_cOtto, James H.
260 _aNew York, Holt :
_bRinehart and Winston,
_c1985
300 _av, 824 p. :
_bill. ;
_c26cm.
521 _acollege students
526 _c1210L-1700L
541 _j1
562 _e1
942 _2lcc
_cBK
_kM
999 _c16705
_d16705